Use of Nanoparticle Titanium Dioxide (TIO2) in Seepage Control (Record no. 554448)
[ view plain ]
| 000 -LEADER | |
|---|---|
| fixed length control field | 00602nam a22001937a 4500 |
| 082 ## - DEWEY DECIMAL CLASSIFICATION NUMBER | |
| Classification number | P-873 |
| 100 ## - MAIN ENTRY--PERSONAL NAME | |
| Personal name | Capt Saad Shahbaz |
| 9 (RLIN) | 36169 |
| 245 ## - TITLE STATEMENT | |
| Title | Use of Nanoparticle Titanium Dioxide (TIO2) in Seepage Control |
| 260 ## - PUBLICATION, DISTRIBUTION, ETC. | |
| Place of publication, distribution, etc. | Risalpur, |
| Name of publisher, distributor, etc. | MCE, |
| Date of publication, distribution, etc. | 2020. |
| 300 ## - PHYSICAL DESCRIPTION | |
| Extent | 57 pages. |
| Dimensions | 30 cm. |
| 526 ## - STUDY PROGRAM INFORMATION NOTE | |
| Program name | 0 |
| Interest level | 0 |
| Reading level | 0 |
| Title point value | P_873 |
| 650 ## - SUBJECT ADDED ENTRY--TOPICAL TERM | |
| Topical term or geographic name entry element | Water Resource Engineering |
| Topical term following geographic name entry element | Syn-34 |
| 9 (RLIN) | 36170 |
| 700 ## - ADDED ENTRY--PERSONAL NAME | |
| Personal name | Capt Ali Athar Sultan |
| 9 (RLIN) | 36173 |
| 700 ## - ADDED ENTRY--PERSONAL NAME | |
| Personal name | Capt Barkat Ali |
| 9 (RLIN) | 36172 |
| 700 ## - ADDED ENTRY--PERSONAL NAME | |
| Personal name | Capt Saad Ur Rehman |
| 9 (RLIN) | 36171 |
| 700 ## - ADDED ENTRY--PERSONAL NAME | |
| Personal name | Capt Uzair Ul Islam |
| 9 (RLIN) | 36174 |
| 700 ## - ADDED ENTRY--PERSONAL NAME | |
| Personal name | Supervisor Dr Naeem Shahzad |
| 942 ## - ADDED ENTRY ELEMENTS (KOHA) | |
| Source of classification or shelving scheme | |
| Koha item type | Book |
| Withdrawn status | Lost status | Source of classification or shelving scheme | Damaged status | Not for loan | Permanent Location | Current Location | Date acquired | Total Checkouts | Full call number | Barcode | Date last seen | Price effective from | Koha item type |
|---|---|---|---|---|---|---|---|---|---|---|---|---|---|
| Military College of Engineering (MCE) | Military College of Engineering (MCE) | 11/18/2020 | P-873 | MCE-P-873 | 11/18/2020 | 11/18/2020 | Book |
